| 000 | 01186nam a22003617a 4500 | ||
|---|---|---|---|
| 003 | CHAP | ||
| 005 | 20220329135311.0 | ||
| 008 | 971013s1981 r 00010 d | ||
| 010 | _a34030 | ||
| 011 | _a35002 | ||
| 035 | _a39118 | ||
| 040 | _cCHAP | ||
| 082 |
_a581.634 _bM45 |
||
| 100 | 0 | 0 |
_aMendieta, Rosa María. _974578 |
| 245 | _aPlantas medicinales del estado de Yucatán | ||
| 260 |
_aMéxico, D.F. : _bCECSA, _c1981 |
||
| 300 | _a428 p | ||
| 490 |
_aFlora yucatanense _v; 1 |
||
| 590 |
_aBATCH-UPD _b10 _c20130110 _lUCH01 _h0108 |
||
| 590 |
_aBATCH-UPD _b10 _c20130110 _lUCH01 _h1135 |
||
| 590 |
_aBATCH-UPD _b10 _c20130409 _lUCH01 _h2059 |
||
| 590 |
_aBATCH-UPD _b10 _c20130410 _lUCH01 _h0723 |
||
| 590 |
_aBATCH-UPD _b10 _c20130914 _lUCH01 _h0731 |
||
| 590 |
_aCONVERSION _b10 _c20130109 _lUCH01 _h1319 |
||
| 650 | 1 | 4 |
_aBotánica médica. _914680 |
| 650 | 1 | 4 |
_aBotánica _xYucatán. _914635 |
| 700 | 0 |
_aAmo Rodriguez, Silvia del. _95357 |
|
| 830 | 0 |
_aFlora yucatanense _v; 1 _941347 |
|
| 901 | _aBK | ||
| 942 | _cLIBRO | ||
| 949 |
_a581.634 M45 _bBC _cC _d33724000527271 _eC _fc.2 _h63112 _i39118 _si _t390.00 |
||
| 949 |
_a581.634 M45 _bBC _cC _d33724000527289 _eC _h58724 _i39118 _si _t390.00 |
||
| 999 |
_c34030 _d34030 |
||